000 00776nam a2200241 i 4500
001 000040604
003 DO-SdBNP
005 20240726105743.0
007 ta
008 130903s2012 dr 000 0 spa d
040 _aDO-SdBNP
_bspa
_cBNPHU
_erda
082 _bP699
_222
245 0 0 _aPlan de igualdad de oportunidades para las mujeres en la sociedad de la información, piom-si.
264 _aSanto Domingo :
_bCIPAF
_bFondo para la igualdad de género,
_c[2012].
300 _a38 páginas ;
_c28 cm.
336 _2rdacontent
_atexto
_btxt
337 _2rdamedia
_asin mediación
_bn
338 _2rdacarrier
_avolumen
_bnc
590 _aInventariado, 2023 / DG
710 2 _aCentro de Investigación para la Acción Femenina
_952431
910 _aDG
942 _2ddc
_cLBS1
999 _c40094
_d40094